000
00288nam a2200109Ia 4500
008
230907s9999||||xx |||||||||||||| ||und||
082
_a
303.625
_b
TER
245
0
_a
Terrorism /
260
_a
Edward Elgar Pub.,
_b
Cheltenham, UK ; | Northampton, MA :
_c
2005
300
_a
2 v. ;
942
_c
BK
999
_c
600082
_d
600082